[Event "Norwood Centenary"]
[Site "Norwood"]
[Date "1990.04.16"]
[Round "5.6"]
[White "Djelaj, Pasko"]
[Black "Coleman, Edwin"]
[Result "1-0"]
[WhiteElo "1759"]
[BlackElo "1613"]
[PlyCount "121"]
[EventDate "1990.04.14"]
[EventType "swiss"]
[EventRounds "6"]
[EventCountry "AUS"]

1. d4 Nf6 2. Nf3 c5 3. e3 e6 4. c4 Be7 5. Be2 O-O 6. O-O b6 7. b3 Bb7 {
English Opening [Symmetrical Variation]} 8. Bb2 Ne4 $146 (8... cxd4 9. Nxd4 (9.
Qxd4 Nc6 10. Qf4 Qb8 11. Qxb8 Raxb8 12. Nc3 Na5 13. Nd4 a6 14. Rfd1 Rfc8 15.
Rac1 Kf8 16. Na4 Ba8 17. Bc3 Nc6 18. c5 bxc5 19. Nxc6 Bxc6 20. Bxa6 Re8 21.
Bxf6 gxf6 22. Nxc5 Bxc5 23. Rxc5 Ra8 {
Kaenel,H-Karkanage,I/Luzern olm 1982/BIG 80/0-1 (39)}) 9... Nc6 (9... a6 10.
Nc3 d6 11. Bf3 Qc7 12. Rc1 Nbd7 13. Qe2 Bxf3 14. Nxf3 Qb7 15. Rfd1 Rfe8 16. h3
{1/2-1/2 Messmer,M-Grathwohl,R/BL2-S 1994/BL2 (16)}) 10. Nxc6 (10. Bf3 Rc8 11.
Nc3 Qc7 12. Nxc6 Bxc6 13. Rc1 {1/2-1/2 Ivkov,B-Oll,L/Roma op 1990/TD 90\03 (13)
}) 10... Bxc6 11. Nc3 Qb8 12. Bf3 Rd8 13. Bxc6 dxc6 14. Qe2 Qc7 15. Rfd1 Rxd1+
16. Rxd1 Rd8 {1/2-1/2 Kotronias,V-Gheorghiu,F/Novi Sad olm 1990/TD 90\06 (16)})
(8... d5 9. Nbd2 Nc6 10. Rc1 Rc8 11. cxd5 exd5 12. a3 Bd6 13. Re1 Re8 14. Nf1
Ne4 15. dxc5 bxc5 16. Ng3 Bf8 17. Bd3 Qb6 18. Bc2 Rcd8 19. Nd2 Ne5 20. Bxe5
Rxe5 21. Ngxe4 dxe4 22. Qe2 Qg6 23. Red1 {
Petrovic,M-Cramling,P/Thessaloniki olw 1984/BIG 80/1/2-1/2 (34)}) 9. Nbd2 f5
10. g3 {Controls h4} h5 $16 (10... Nc6 $5 $11 {is noteworthy}) 11. Ne5 {
White gets the initiative} h4 12. Nxe4 Bxe4 13. Bf3 Nc6 $16 (13... d5 $5 $14 {
should be investigated more closely}) 14. Nxc6 $14 (14. Bxe4 $5 fxe4 15. Nxc6
dxc6 16. Qg4 $18) 14... dxc6 $18 (14... Bxc6 $142 $5 {is noteworthy} 15. d5 Bb7
$16) 15. Bxe4 fxe4 16. Qg4 Bf6 17. Rad1 Qe8 18. Qxe4 h3 (18... cxd4 19. Bxd4
hxg3 20. fxg3 $18) 19. f4 (19. Ba3 $5 a5 20. dxc5 b5 $18) 19... Rd8 20. Rf2 Rf7
$18 (20... Rd6 21. g4 cxd4 22. exd4 $16 (22. Bxd4 $143 c5 $17)) 21. Qg6 $16 (
21. Rfd2 $5 cxd4 22. Bxd4 c5 23. Bxf6 Rxd2 24. Rxd2 Rxf6 $18) 21... cxd4 22.
exd4 ({Less advisable is} 22. Bxd4 c5 23. Qe4 cxd4 24. exd4 b5 $17) 22... c5
23. Rfd2 cxd4 24. Bxd4 Bxd4+ 25. Rxd4 Rxd4 {Do you see the mate threat?} 26.
Rxd4 Qc6 {The mate threat is Qg2} 27. Qe4 Qxe4 {Threatening mate: Qg2} 28. Rxe4
Re7 29. Kf2 Kf7 30. Re5 Kf6 31. g4 Rd7 32. a4 Rd4 33. Kf3 Rd2 34. g5+ Ke7 35.
Re2 Rd4 36. Re3 Kd6 37. Kg4 a5 38. g6 $16 (38. Rxh3 e5 39. Kf5 Rxf4+ 40. Kg6
Ke6 $18) 38... Ke7 39. Kg5 Rd2 40. Rxh3 $14 (40. f5 Rxh2 41. Kg4 Rf2 42. Rxe6+
Kf8 43. Kxh3 Rf3+ 44. Kg4 Rxb3 $16) 40... Rg2+ 41. Kh5 Kf6 42. Rd3 $11 (42. Rg3
Rxh2+ 43. Kg4 Kxg6 $14) 42... Rxh2+ $14 (42... Kf5 43. Kh4 $11) 43. Kg4 Rg2+ ({
Instead of} 43... Kxg6 44. Rd6 $18) 44. Kf3 Rb2 45. Ke4 $11 (45. Re3 Rh2 $14)
45... Kxg6 46. Ke5 {White activates its king} Re2+ 47. Kd6 Kf5 48. Kc6 Kxf4 49.
Kxb6 g5 50. Kxa5 g4 51. b4 g3 52. Rd1 g2 53. b5 Re5 54. Kb4 $14 (54. Ka6 $5 Rg5
55. Rg1 $16) 54... Rg5 55. Rg1 Kf3 $16 (55... Ke3 56. a5 Kf2 57. Rxg2+ Rxg2 $18
) 56. b6 (56. a5 Kf2 57. Rxg2+ Rxg2 $18) 56... Kf2 $18 (56... e5 57. a5 Kf2 58.
Rxg2+ Rxg2 $18) 57. Rxg2+ $14 (57. b7 Rg8 58. Rxg2+ Kxg2 59. a5 $18) 57... Rxg2
(57... Kxg2 $4 58. a5 $18) 58. b7 $14 (58. c5 Ke3 59. c6 Rb2+ 60. Ka5 Kd4 $18)
58... Kf3 $4 $18 (58... Rg1 59. Kb5 Rb1+ 60. Kc6 e5 $18) 59. Kc3 Rg8 60. a5 Rb8
61. a6 (61. a6 Kf4 62. c5 $18) 1-0

[Event "Norwood Centenary"]
[Site "Norwood"]
[Date "1990.04.16"]
[Round "5.7"]
[White "Sremcevic, George"]
[Black "Walshe, D Bradley"]
[Result "1-0"]
[WhiteElo "1827"]
[BlackElo "1560"]
[PlyCount "31"]
[EventDate "1990.04.14"]
[EventType "swiss"]
[EventRounds "6"]
[EventCountry "AUS"]

1. Nf3 Nf6 2. d4 e6 3. c4 d5 4. Nc3 Bb4 5. Bg5 {
Queen's Gambit [Ragozin Defence]} Nbd7 6. e3 (6. Bxf6 Qxf6 7. cxd5 exd5 8. a3
Bxc3+ 9. bxc3 O-O 10. e3 Nb6 11. Be2 Bf5 12. O-O Bg4 13. Nd2 Bxe2 14. Qxe2 c5 {
1/2-1/2 Monier,R-Shvidler,E/Thessaloniki olm 1984/BIG 80 (14)}) 6... O-O (6...
h6 7. Bh4 c6 8. Qc2 {1/2-1/2 Korniushin,N-Zhidkov,V/Vladivostok 1994/EXP 43 (8)
}) 7. a3 Bxc3+ 8. bxc3 c6 $146 (8... b6 9. Be2 Bb7 10. O-O c6 11. Ne5 Qc7 12.
Nxd7 Nxd7 13. cxd5 cxd5 14. Rc1 h6 15. Bh4 Rfe8 16. c4 dxc4 17. Rxc4 Qd6 18.
Rc3 Rac8 19. Bg3 Qe7 20. Rxc8 {
1/2-1/2 Boenisch,A-Haubelt,B/RLPF-chJW U20 1989/GER 05 (20)}) 9. cxd5 Qa5 10.
Qb3 Nxd5 11. Rc1 N7b6 $16 (11... c5 $5 $14) 12. Bd3 $11 (12. e4 $142 $5 Nc7 13.
Be7 $16) 12... Na4 $16 {Increases the pressure on c3} (12... f6 $142 $5 {
must definitely be considered} 13. Bh4 Na4 $11) 13. O-O $14 (13. e4 Ndb6 $16 (
13... Ndxc3 $2 {is no good} 14. Bd2 $18)) 13... Ndxc3 $2 $18 (13... f6 $142 {
would allow Black to play on} 14. c4 fxg5 15. cxd5 exd5 16. Nxg5 h6 $14) 14.
Be7 Re8 15. Bb4 Qb6 (15... Qd5 16. Qc2 $1 $18 {sealing the opponent's fate} (
16. Rxc3 $6 Nxc3 17. Qxc3 Rd8 $16)) 16. Qc2 $1 {the final nail in the coffin} (
16. Qc2 g6 17. Bxc3 Nxc3 18. Qxc3 $18) (16. Rxc3 $6 Nxc3 17. Qxc3 a5 $18) 1-0

[Event "Norwood Centenary"]
[Site "Norwood"]
[Date "1990.04.16"]
[Round "5.8"]
[White "Trice, James"]
[Black "Condon, Robert F"]
[Result "0-1"]
[WhiteElo "1543"]
[BlackElo "1745"]
[PlyCount "50"]
[EventDate "1990.04.14"]
[EventType "swiss"]
[EventRounds "6"]
[EventCountry "AUS"]

1. c4 Nf6 2. Nc3 e6 3. g3 d5 4. cxd5 exd5 5. Bg2 {English Opening} c6 (5... d4
6. Ne4 Nxe4 7. Bxe4 Nc6 8. d3 Be7 9. Bg2 O-O 10. Nf3 Be6 11. O-O Qd7 12. Bf4
Bd5 13. a3 a5 14. Rc1 Ra6 15. h4 h6 16. Kh2 g5 17. Bd2 Kh7 18. hxg5 hxg5 19.
Bxg5 Bxf3 20. Bxe7 Bxg2 21. Bxf8 Qh3+ {
0-1 Mothes,H-Verat,L/Paris 1992/EXT 92ch (21)}) (5... Be7 6. Nf3 O-O 7. d4 Bf5
8. O-O Nbd7 9. Bf4 h6 10. Rc1 a6 11. Ne5 Nb6 12. a3 Ne4 13. Nxe4 Bxe4 14. Nxf7
Qd7 15. Rxc7 Qe6 16. Ne5 g5 17. Be3 Bd6 18. Rc1 Bxg2 19. Kxg2 Bxe5 20. dxe5 Nc4
21. Bd4 Nxe5 22. Rc7 b5 23. Bxe5 Qxe5 24. Qc2 Rf7 25. Qg6+ Qg7 26. Qxg7+ Kxg7
27. Rxf7+ Kxf7 28. Rd1 Ke6 29. Kf3 Rc8 30. Rd2 h5 31. h3 Rc4 32. g4 h4 33. e3
Ke5 34. Rd3 a5 35. b3 Rc6 36. Ke2 Ke4 37. f3+ Ke5 38. Kd2 Rc5 39. Rc3 Rxc3 40.
Kxc3 Ke6 {1-0 Apresian,L-Shneider,V/Menorca 1996 (40)}) 6. d3 Bf5 $146 (6...
Bd6 7. Nf3 O-O 8. O-O Bg4 9. Bg5 h6 10. Bd2 Nbd7 11. Re1 Ne5 12. Nxe5 Bxe5 13.
Qc2 Qd7 14. f4 Bd4+ 15. e3 Bb6 16. Nd1 Rfe8 17. Nf2 Rad8 18. h3 Bf5 19. Qd1 Bh7
20. g4 Qd6 21. h4 {Schmitzer,P-Gurack,D/Cattolica 1993/TD 93\07/0-1 (66)}) (
6... Bb4 7. Bd2 O-O 8. e3 Bxc3 9. Bxc3 Re8 10. Ne2 Nbd7 11. O-O Ne5 12. Bxe5
Rxe5 13. d4 Re8 14. Qc2 Bd7 15. Nf4 Qc8 16. Qd2 Ne4 17. Qc2 Bf5 18. Nd3 Nf6 19.
Rfe1 Be4 20. Qe2 {1/2-1/2 Nagel,R-Koelbach,R/RL-op Kettig 1994/GER 09 (20)}) 7.
Nf3 Nbd7 8. O-O Be7 9. Re1 Nc5 10. b4 Ne6 {Black gets strong initiative} 11. a3
{Prevents intrusion on b4} h5 12. Bf4 $15 (12. e3 Bg4 $11) 12... Nxf4 13. gxf4
h4 $11 (13... d4 14. Na4 $15) 14. h3 $15 {Secures g4} (14. e4 $5 dxe4 15. dxe4
$11) 14... d4 15. Nb1 Qc8 16. Ng5 $19 (16. Kh2 $142 $5 {deserves consideration}
Qc7 17. e3 $11) 16... Nh5 17. e4 dxe3 18. fxe3 (18. Rxe3 Nxf4 19. Qf3 Nd5 $17)
18... Bxg5 19. fxg5 Bxh3 20. Qf3 Bxg2 21. Kxg2 Ng3 22. Nd2 Qe6 (22... Qf5 23.
Qxf5 Nxf5 24. Kh3 $19) 23. d4 (23. b5 Rd8 24. d4 Rh5 25. bxc6 Rxg5 $19 (25...
Qxc6 $6 26. Rac1 Qg6 27. Kh2 $19)) 23... O-O-O (23... Rh5 $5 24. Qf4 Qd5+ 25.
Nf3 $19) 24. Nf1 $2 (24. b5 $142 $19) 24... Ne4 25. Qf4 (25. b5 {
doesn't improve anything} Nxg5 26. Qf4 Qh3+ 27. Kf2 Rd5 $19) 25... Rd5 (25...
Rd5 26. Kh2 Rf5 $19) 0-1

[Event "Norwood Centenary"]
[Site "Norwood"]
[Date "1990.04.16"]
[Round "5.9"]
[White "McLean, John"]
[Black "Bailey, Cliff"]
[Result "1-0"]
[WhiteElo "1616"]
[BlackElo "1300"]
[PlyCount "44"]
[EventDate "1990.04.14"]
[EventType "swiss"]
[EventRounds "6"]
[EventCountry "AUS"]

1. g4 {Grob} e5 2. Bg2 d6 $11 (2... d5 3. d4 $15) (2... Nc6 3. d3 (3. c4 Bc5 4.
Nc3 d6 5. h3 Nge7 6. a3 O-O 7. b4 Bb6 8. e3 Ng6 9. Be4 f5 10. gxf5 Bxf5 11.
Bd5+ Kh8 12. Nge2 Nd4 13. Nxd4 exd4 14. Na4 Qh4 15. Nxb6 Bg4 16. Qxg4 Qxf2+ 17.
Kd1 d3 18. Qg2 Qf6 19. Rb1 axb6 20. Bb2 Ne5 21. Bxb7 Rad8 22. Be4 Qh4 23. Bxd3
Rf2 24. Qe4 Qxe4 25. Bxe4 Nxc4 26. Bc1 Rdf8 27. Bd5 Ne5 28. d4 {
1-0 Hanstein,M-Froehlich,H/GER-CupT 1991/TD 91\01 (28)}) 3... h6 4. e4 Bc5 5.
Nc3 d6 6. h3 Nge7 7. Bd2 Ng6 8. Nf3 Nh4 9. Nxh4 Qxh4 10. Rf1 Be6 11. Na4 O-O-O
12. c3 Qe7 13. Qe2 Bxf2+ 14. Rxf2 b5 15. Qd1 bxa4 16. Qxa4 Qd7 17. Be3 Kb8 18.
Qb5+ Ka8 19. Qa4 Rb8 20. O-O-O Rb7 21. d4 exd4 22. Bxd4 Nxd4 23. Qxd7 Bxd7 24.
Rxd4 f6 {1-0 Kayser,P-Gawlas,G/Nuernberg 1990/EXT 90op2 (24)}) 3. c3 c6 {
Consolidates d5} ({Worse is} 3... Bxg4 4. Bxb7 Nd7 5. Bxa8 Qxa8 6. Nf3 $16) 4.
d4 $17 (4. h3 $5 $11 {should not be overlooked}) 4... Bxg4 5. d5 Ne7 6. Bg5 Nd7
$11 (6... h6 $142 $5 7. h3 Bh5 8. Bxe7 Bxe7 $17) 7. Qb3 $17 (7. h3 Bf5 8. dxc6
bxc6 9. e4 $15) 7... Qc8 8. Nd2 $19 (8. h3 $5 Bh5 9. c4 $17) 8... Ng6 $15 (8...
Nxd5 $142 $5 9. Bxd5 cxd5 10. Qxd5 Qc6 $19) 9. Ne4 $17 (9. Qa4 Nb8 $15) 9...
Rb8 $15 (9... h6 10. Bd2 $17) 10. h4 Be7 11. Nf3 $19 (11. Qa3 $142 $5 {
has some apparent merit} f6 12. h5 Bxh5 13. Rxh5 fxg5 14. dxc6 $11) 11... Nf4
$15 (11... f5 $142 $5 12. Ng3 Bxg5 13. Nxg5 Nc5 $19) 12. Bxf4 exf4 13. h5 Bf5
14. Neg5 h6 $15 (14... Bxg5 15. Nxg5 Nc5 16. Qc4 $15) 15. Nh3 Nf6 16. Nxf4 a6 (
16... Be4 17. Qa4 $11) 17. Nd4 O-O $16 (17... Bd7 $142 $5 $11 {
should be investigated more closely}) 18. O-O-O $11 (18. dxc6 $142 bxc6 19.
Nxc6 $18) 18... Ne4 $14 (18... Be4 $5 $11) 19. Bh3 $15 (19. Qc2 Bg5 20. Nxf5 (
20. Bxe4 $6 Bxf4+ 21. e3 Bxe4 22. Qxe4 Bg5 $11) 20... Qxf5 21. e3 $16 (21. Bxe4
$6 Qxf4+ (21... Bxf4+ $2 22. e3 Bxe3+ 23. fxe3 $18) 22. e3 Qf6 $14) (21. Qxe4
Qxe4 (21... Qxf4+ $143 22. Qxf4 Bxf4+ 23. e3 $18) 22. Bxe4 Bxf4+ 23. e3 cxd5
$16)) 19... Bxh3 20. Nxh3 Ng5 $11 (20... Re8 21. f3 Ng3 22. Rh2 $17) 21. Nf4
$15 (21. Nxg5 Bxg5+ 22. e3 c5 $15) 21... Kh8 22. f3 $17 {Controls e4} (22. Qc2
$5 $15) 22... c5 {
White now played an illegal move and eventually won after 42 moves.} 1-0

[Event "Norwood Centenary"]
[Site "Norwood"]
[Date "1990.04.16"]
[Round "5.10"]
[White "Balazs, David"]
[Black "Hatch, John H"]
[Result "1-0"]
[WhiteElo "1330"]
[BlackElo "1604"]
[PlyCount "27"]
[EventDate "1990.04.14"]
[EventType "swiss"]
[EventRounds "6"]
[EventCountry "AUS"]

1. e4 c5 2. d4 cxd4 3. c3 dxc3 4. Nxc3 {Sicilian Defence [Morra Gambit]} e5
$146 (4... g6 5. Bc4 Bg7 6. Nf3 (6. Qf3 f6 7. e5 Qc7 8. exf6 Nxf6 9. Bb3 Nc6
10. Nge2 Ne5 11. Qe3 e6 12. Nb5 Qa5+ 13. Nec3 Nf7 14. Qc5 Kd8 15. Bf4 Ne8 16.
O-O-O a6 17. Rhe1 axb5 18. Rxe6 b4 19. Qe7# {
1-0 Horata,H-Thom,U/VLNBaden 1992/GER 04 (19)}) 6... d6 (6... e6 7. Nb5 (7. O-O
Ne7 8. Bg5 O-O 9. Qd2 f6 10. Bh6 Nbc6 11. Rad1 a6 12. Bxg7 Kxg7 13. Qf4 Qb6 14.
b3 Qb4 15. Ne2 b5 16. Bd3 Qa3 17. Bb1 a5 18. Qg3 a4 19. e5 axb3 20. Rd3 Qb2 21.
Rd2 Qa3 22. Rd3 Qb2 23. Rd2 Qa3 {
1/2-1/2 Beecht,R-Lubojanski,S/Giessen op 1991/GER 02 (23)}) 7... d5 8. exd5
exd5 9. Bf4 Qe7+ 10. Kf1 Na6 11. Bd6 Qe4 12. Bxd5 Qf5 13. Qa4 Qd3+ 14. Kg1 Bd7
15. Bc4 Qf5 16. Re1+ Kd8 17. Qa5+ Kc8 18. Bg3 Bf8 19. Qc3 {
1-0 Freyre,J-Haces,R/Thessaloniki olm 1984/BIG 80 (19)}) 7. Qb3 e6 8. O-O Nf6
9. Bg5 O-O 10. Rfd1 Qe7 11. Rd2 Nc6 12. Rad1 a6 13. Rxd6 Qc7 14. Qc2 b5 15.
Nxb5 axb5 16. Bxb5 Rxa2 17. Rxc6 Qb7 18. Bxf6 Bxf6 19. e5 {
Frank,M-Grunwald,R/Dortmund op 1987/TD 87\03/1/2-1/2 (31)}) 5. Bc4 {
White terminates the opponent with strong threats} Nf6 $11 (5... Nc6 $5 $15) 6.
Nf3 d5 $14 (6... Qa5 7. Qb3 Nxe4 8. Bxf7+ Kd8 9. O-O Nxc3 10. bxc3 $15) 7. Nxe5
Bb4 $16 (7... Bd6 $5 {deserves consideration} 8. Bb5+ Kf8 $11) 8. Qa4+ Nc6 $18
(8... Nbd7 9. Qxb4 (9. exd5 $6 Qe7 10. f4 O-O $11) (9. Bxd5 $6 Nxd5 10. exd5
Qe7 $15) 9... Nxe5 10. exd5 Nxc4 11. Qb5+ Bd7 12. Qxc4 $16) 9. exd5 {
The passed pawn on d5 will quickly become a dangerous weapon} Bxc3+ 10. bxc3
Nxd5 (10... Qa5 $142 11. Qxa5 $1 {the decision} Nxa5 12. Bb5+ Bd7 13. Nxd7 Nxd7
$18) 11. Nxc6 Nxc3 (11... bxc6 {the last chance for counterplay} 12. Qxc6+ Bd7
13. Qxd5 O-O $18) 12. Bxf7+ $1 {White has to consider giving back material}
Kxf7 13. Nxd8+ Rxd8 14. Qc4+ (14. Qc4+ Nd5 15. O-O $18) 1-0

[Event "Norwood Centenary"]
[Site "Norwood"]
[Date "1990.04.16"]
[Round "5.11"]
[White "Brown, Cyril D"]
[Black "Sykes, Alexander"]
[Result "0-1"]
[WhiteElo "1421"]
[BlackElo "1894"]
[PlyCount "63"]
[EventDate "1990.04.14"]
[EventType "swiss"]
[EventRounds "6"]
[EventCountry "AUS"]

1. e4 c5 2. Nf3 d6 {Sicilian Defence} 3. c3 Nf6 4. Be2 Nc6 5. d3 e5 (5... Bg4
6. O-O (6. Bg5 e6 7. Nbd2 Be7 8. h3 Bh5 9. O-O Qc7 10. Rb1 O-O 11. Nh2 Bxe2 12.
Qxe2 d5 13. Bxf6 Bxf6 14. Ng4 Be7 15. e5 h5 16. Ne3 Nxe5 17. f4 Ng6 18. Qf3 d4
19. Nc2 Rad8 20. c4 Qa5 21. Ne4 f5 22. Ng3 h4 23. Ne2 Rd7 24. a3 Qd2 25. Ne1 e5
26. Rf2 Qe3 27. Qh5 Nxf4 28. Nxf4 exf4 29. Rd1 Bf6 30. Qxf5 Qe7 31. Qxf4 Bg5
32. Qxf8+ Qxf8 33. Rxf8+ Kxf8 34. Nf3 Be3+ 35. Kf1 Rf7 36. b4 b6 37. bxc5 bxc5
38. Rb1 g5 39. Ke2 Rf6 40. Rb8+ Kg7 {
Nkwashu,L-Aguilar,W/Medellin 1996/1/2-1/2 (63)}) 6... e6 7. h3 Bxf3 8. Bxf3 Be7
9. Bf4 O-O 10. Nd2 Rc8 11. Bg3 b5 12. a3 a5 13. a4 b4 14. c4 Nd7 15. Nb3 Qc7
16. Qd2 Bf6 17. Bg4 Nd4 18. Nxd4 Bxd4 19. Kh1 Nb8 20. f4 {
Wendel,S-Bayer,E/BL8990 1990/BL 90/1/2-1/2 (60)}) 6. h3 $146 {Consolidates g4}
(6. Nbd2 d5 7. exd5 Qxd5 8. O-O Be7 9. Re1 O-O 10. Nc4 Rd8 11. Qc2 e4 12. dxe4
Qxe4 13. Qxe4 Nxe4 14. Bf4 Be6 15. Rad1 {
1/2-1/2 Reinartz,G-Balzar,A/NRW-ch Nordwalde 1988/EXT 88ch (15)}) 6... d5 7.
Qc2 Be7 8. Bg5 Be6 9. Nbd2 h6 10. Bxf6 gxf6 {Controls g5} 11. Nh4 Qd7 12. g4
O-O-O 13. O-O-O Qc7 14. Nf5 Qa5 15. Nxe7+ Nxe7 16. Kb1 dxe4 17. Nb3 exd3 {
Is this a dangerous pawn?} 18. Bxd3 {
Black gets strong play along the open d-file} (18. Nxa5 dxc2+ 19. Kxc2 Bd5 $15)
18... Qc7 19. Be4 Nd5 20. Bf5 Nf4 21. Bxe6+ fxe6 22. Nc1 (22. Nd2 Rd5 $17)
22... Rxd1 {Black begins to deal mighty blows} 23. Qxd1 Rd8 24. Qc2 $19 (24.
Qa4 Kb8 $17) 24... Qd7 $17 (24... Qc6 $5 25. Rd1 Rxd1 26. Qxd1 Nxh3 27. Qe2 $19
) 25. Ne2 $19 (25. h4 Qc6 26. Rd1 Rxd1 27. Qxd1 a6 $17) 25... Qd5 26. Rh2 $4 {
a blunder in a bad position} (26. Ng3 $142 $19) 26... Qf3 27. Nc1 e4 (27... Rd1
$142 {and Black has reached his goal} 28. h4 Rf1 $19 (28... Qxg4 $143 29. f3
Qxf3 30. Rd2 Rxd2 31. Qxd2 $19)) 28. Qa4 $2 (28. a3 $19) 28... Kb8 29. Qb5 (29.
c4 {is still a small chance} Rd1 30. Qe8+ Kc7 31. Qe7+ Kb6 32. Kc2 $19 (32.
Qxf6 $4 {that pawn is deadly bait and will cause White grave problems} Qd3+ 33.
Ka1 Rxc1#)) 29... Qd1 $1 {the death sentence} 30. a3 (30. Qb3 {
cannot change what is in store for ?} Qg1 $19) 30... Nd3 31. Rh1 (31. f4 {
does not save the day} exf3 $1 {decapitation} 32. Rc2 f2 33. Qxd3 Rxd3 34. Rxf2
Rxh3 $19) 31... Qxh1 32. Kc2 0-1

[Event "Norwood Centenary"]
[Site "Norwood"]
[Date "1990.04.16"]
[Round "5.12"]
[White "Wouters, Eddy"]
[Black "MacIlwain, Robert"]
[Result "0-1"]
[WhiteElo "1135"]
[BlackElo "1854"]
[PlyCount "74"]
[EventDate "1990.04.14"]
[EventType "swiss"]
[EventRounds "6"]
[EventCountry "AUS"]

1. d4 Nf6 2. Nf3 g6 3. c4 Bg7 4. Nc3 d5 {Grunfeld Defence[Flohr Variation]} 5.
c5 $146 {White gains space} (5. h4 c6 6. Bg5 Ne4 7. cxd5 cxd5 8. Qb3 Nxc3 {
1/2-1/2 Wocke,R-Chandler,P/Wiesbaden op 1988/GER 02 (8)}) (5. e4 c6 6. Bd3 O-O
7. O-O Bg4 8. Be3 dxe4 9. Nxe4 Nxe4 10. Bxe4 f5 11. Bc2 f4 12. Bc1 Bxf3 13.
Qxf3 Bxd4 14. Rd1 Qb6 15. Bb3 Qc5 16. Bd2 a5 17. Bc3 e5 18. Bxd4 exd4 19. Qe4
a4 {Bolz,R-Enkrodt,U/PF-op Mehlingen 1992/GER 05/1-0 (38)}) (5. Qc2 O-O 6. Bg5
Bf5 7. Qd1 Ne4 8. e3 c5 9. cxd5 Qa5 10. Bxe7 Re8 11. d6 Nc6 12. Qa4 Qxa4 13.
Nxa4 cxd4 14. Nxd4 Nxd4 15. exd4 Nxd6 16. g3 Rxe7+ {
0-1 Cummerow,R-Mach,H/Bargteheide op 1989/TD 89\05 (16)}) (5. Bd2 c6 6. Rc1 O-O
7. cxd5 cxd5 8. e3 Nc6 9. Be2 e6 10. O-O Nd7 11. a3 Nb6 {
1/2-1/2 Gaab,W-Lenz,A/RLPF-chC Hauenstein 1991/GER 05 (11)}) 5... O-O 6. e3 Bg4
7. Be2 c6 {Secures b5} 8. Nd2 $15 (8. O-O b6 $11) 8... Bxe2 9. Qxe2 Nbd7 10.
O-O e5 {Playing against the pawn chain} 11. Nb3 Re8 12. Qd3 Qc7 13. Bd2 Rad8
14. Ne2 Ne4 15. Be1 f5 16. Ng3 $15 (16. f3 $5 Ng5 17. Bh4 $11) 16... Nf8 $11 (
16... Nxg3 $5 {must definitely be considered} 17. fxg3 Nf6 $17) 17. Nxe4 $17 (
17. f3 $5 {should not be overlooked} Nf6 18. Ba5 $15) 17... fxe4 $15 {
This push gains space} (17... dxe4 18. Qc4+ Ne6 19. Bc3 $15) 18. Qc3 Ne6 19.
Rd1 Rf8 20. Qc2 Rf5 21. Bc3 Rh5 $11 (21... exd4 22. Bxd4 Bh6 23. Bc3 $17) 22.
g3 $15 {Covers f4} (22. dxe5 $5 Rf8 23. h3 $11) 22... Rf5 23. Qe2 Rdf8 24. a3
Ng5 {Black launches an attack} 25. Kg2 Nf3 (25... Qc8 26. dxe5 R5f6 27. e6 (27.
exf6 $2 Qh3+ 28. Kh1 Nf3 29. Qxf3 exf3 $19) 27... Qxe6 28. g4 $19 (28. Bxf6 $4
{leads to instant destruction} Qh3+ 29. Kh1 Nf3 30. Qxf3 exf3 $19)) 26. Rh1 (
26. dxe5 Qe7 $15) 26... Qe7 27. Rdf1 Qg5 (27... Nh4+ 28. Kg1 $19) 28. Na5 $4
$19 {cause more grief} (28. dxe5 $142 Qh5 29. Nd4 $17) 28... Qg4 $1 {
an unexpected blow. Threatening mate: Nh4} 29. h4 (29. Nxc6 {
doesn't get the bull off the ice} Nh4+ 30. Kg1 Qxe2 31. Ne7+ Kh8 32. Nxf5 Nxf5
$19) 29... Nxh4+ $1 {leaving no more doubts} 30. Rxh4 Qxe2 {
Threatening mate... how?} 31. Be1 exd4 32. exd4 Bxd4 {The mate threat is Bxf2}
33. Rf4 Rxf4 34. gxf4 (34. Nxc6 {is not the saving move} Bxf2 $1 {the decision}
35. Ne7+ Kg7 36. Nf5+ R4xf5 37. Rxf2 Rxf2+ 38. Bxf2 Rxf2+ 39. Kh3 Qh5#) 34...
Rxf4 35. Nxb7 (35. Rg1 {does not win a prize} Bxf2 36. Bb4 Qf3+ 37. Kf1 Bg3#)
35... Qf3+ 36. Kh2 (36. Kg1 {is not much help} Qg3+ 37. Kh1 Rh4#) 36... Rh4+
37. Kg1 Rh1# 0-1

[Event "Norwood Centenary"]
[Site "Norwood"]
[Date "1990.04.16"]
[Round "5.13"]
[White "Sarma, Venu"]
[Black "Egg, Marcel"]
[Result "1-0"]
[WhiteElo "1498"]
[BlackElo "1137"]
[PlyCount "51"]
[EventDate "1990.04.14"]
[EventType "swiss"]
[EventRounds "6"]
[EventCountry "AUS"]

1. e4 c5 2. d4 cxd4 3. c3 dxc3 4. Nxc3 e6 5. Bc4 a6 6. Nf3 b5 7. Bb3 Bb7 {
Sicilian Defence [Morra Gambit]} 8. Qe2 d6 (8... Nf6 9. e5 b4 10. exf6 bxc3 11.
bxc3 Qxf6 12. Nd4 Bd6 13. O-O O-O 14. f4 Nc6 15. Rb1 Bc5 16. Bc2 Nxd4 17. cxd4
Bxd4+ 18. Kh1 Bc6 19. Rb3 g6 20. Rd1 e5 21. fxe5 Bxe5 22. Rf1 Qe6 23. Re3 Bb5
24. Qe1 Bxf1 25. Rxe5 Qxa2 26. Qxf1 Qxc2 27. Re2 Qb1 28. Re1 Rfe8 29. Rd1 Qb5
30. Qg1 Re2 31. h4 Rae8 32. Bh6 Qb4 {
0-1 Lenart,E-Bauer,T/HUN-chT2 1994/TD 94\03 (32)}) (8... Ne7 9. Bg5 h6 10. Bh4
Nbc6 11. O-O g5 12. Bg3 Bg7 13. Rfd1 O-O 14. Bd6 Re8 15. e5 Ng6 16. Bc2 g4 17.
Nd4 Ncxe5 18. Ne4 f5 19. Nc5 Bxg2 20. Bxe5 Bxe5 21. Nc6 Bxc6 {
0-1 Lim Chuing Hoong-Batsanin,D/Menorca 1996 (21)}) 9. O-O Nc6 10. Rd1 Qc7 $146
(10... Qb8 11. Bf4 Nf6 12. Rac1 Nd7 13. e5 dxe5 14. Rxd7 Kxd7 15. Nxe5+ Nxe5
16. Bxe5 Qc8 17. Qd2+ Ke8 18. Nxb5 Qxc1+ 19. Qxc1 axb5 20. h3 Rc8 21. Qf1 Rc5
22. Bd4 Rg5 23. g3 b4 24. Ba4+ Kd8 25. Bb6+ {
Paszler,J-Patrat,A/HUN-chT2 1993/TD 93\10/1-0 (35)}) 11. Be3 Nf6 12. Rac1 Qd8
$14 (12... Be7 $142 $5 $15 {is worth consideration}) 13. Bf4 $15 {
White prepares the advance e5} (13. e5 $5 {is interesting} b4 14. Na4 $14)
13... Nh5 14. Be3 Nf6 $14 (14... Qd7 $5 $11 {has some apparent merit}) 15. h3
$15 {Prevents intrusion on g4} (15. e5 $142 $5 {
should be investigated more closely} b4 16. Na4 $14) 15... Qb8 {
Black is behind in development.} 16. Bf4 Be7 17. e5 dxe5 18. Nxe5 ({Not} 18.
Bxe5 Nxe5 19. Nxe5 O-O $15) 18... Nxe5 19. Bxe5 ({Instead of} 19. Qxe5 Qxe5 20.
Bxe5 Rc8 $17) 19... Qa7 20. Bxf6 $4 $15 {forfeits the advantage} (20. Nxb5 $142
{a shame that White overlooked this excellent chance} axb5 21. Qxb5+ Kf8 22.
Rc7 $18) 20... Bxf6 $4 $18 {Black has let it slip away} (20... gxf6 21. Nxb5 $1
{a forceful and devastating end} Bf3 22. Qxf3 axb5 23. Qc6+ Kf8 $18) 21. Nd5 $4
$11 {there were better ways to keep up the pressure} (21. Nxb5 $142 {
a pity that White didn't try this} axb5 22. Qxb5+ Bc6 23. Qxc6+ Kf8 24. Rd7 $18
) 21... Bxd5 22. Bxd5 Rd8 23. Bc6+ Ke7 24. Qf3 $19 (24. a4 $142 $5 {
should be examined more closely} bxa4 25. Bxa4 Rxd1+ 26. Rxd1 $15) 24... Rxd1+
$4 $11 {throwing away the advantage} (24... Bxb2 $142 {
would have given Black the upper hand} 25. Rb1 Rxd1+ 26. Rxd1 Bd4 $19) 25. Rxd1
Rd8 $4 {throws away a nice position} (25... Bd4 $142 {would be a reprieve} 26.
Qa3+ Kf6 27. Qf3+ Ke7 28. Qa3+ Kf6 29. Qf3+ Ke7 $11) 26. Qa3+ (26. Qa3+ b4 27.
Qxb4+ Qc5 28. Qxc5+ Rd6 29. Qxd6#) 1-0